Psychotérapie Analytique de Groupe /

Guardado en:
Bibliografiske detaljer
Hovedforfatter: Slavson, S.R (autor)
Format: Bog
Sprog:fransk
Serier:(Bibliothèque de Psychiatrie)
Fag:
Tags: Tilføj Tag
Ingen Tags, Vær først til at tagge denne postø!

MARC

LEADER 00000nam^a2200000^a^4500
001 000071989
005 20250521000000.0
009 20260526120509.997
037 |a Acervo ITESO - Biblioteca 
041 |a FRA 
082 |a 157. 91  |b SLA 
100 |a Slavson, S.R.  |e (autor) 
245 1 0 |a Psychotérapie Analytique de Groupe /  |c S. R. Slavson ; tr. por Mmes. S. Horinson. 
264 |a París, Francia :  |b Presses Universitaires de France,  |c 1983 
300 |a 282 p. 
336 |a texto  |b txt  |2 rdacontenido 
337 |a sin mediación  |b n  |2 rdamedio 
338 |a volumen  |b nc  |2 rdasoporte 
440 1 |a (Bibliothèque de Psychiatrie) 
649 |a XX 
650 |a Psicoanálisis -  |x Técnica 
650 |a Psicoanálisis -  |x Técnica 
650 |a Dinámica de Grupos 
910 |a Fondo Armando Suárez Gómez 
920 |a Impresos - Libros 
930 |a Fondos Especiales 
905 |a 111 
901 |a 0700003061  |b IT2  |c ESP  |u 20250521 
902 |a https://opac.biblio.iteso.mx/vufind/Record/000071989